[Event "Titled Tuesday 2022.08.23 Early"]
[Site "chess.com INT"]
[Date "2022.08.23"]
[Round "9"]
[White "Turzo, A."]
[Black "Hambleton, Aman"]
[Result "1-0"]
[WhiteElo "2298"]
[BlackElo "2436"]
[PlyCount "49"]
[EventDate "2022.08.23"]
[EventType "swiss (blitz)"]
[EventRounds "11"]
[EventCountry "NET"]
[Source "Mark Crowther"]
[SourceDate "2022.08.29"]

1. e4 c5 2. Nf3 e6 3. g3 Nc6 4. Bg2 Nf6 5. Qe2 d6 6. O-O Be7 7. c3 e5 8. Rd1
O-O 9. h3 Re8 10. Na3 Bf8 11. d3 h6 12. Nc4 b5 13. Ne3 Rb8 14. a4 b4 15. Nh2
Be6 16. Nhg4 Kh7 17. Bf3 Ng8 18. h4 h5 19. Nh2 g6 20. Bxh5 gxh5 21. Qxh5+ Kg7
22. Nhg4 Nce7 23. Nf5+ Nxf5 24. exf5 Qc8 25. Bh6+ 1-0

[Event "Titled Tuesday 2022.08.23 Early"]
[Site "chess.com INT"]
[Date "2022.08.23"]
[Round "10"]
[White "Hambleton, Aman"]
[Black "Mikhalsky, Vladimir"]
[Result "0-1"]
[WhiteElo "2436"]
[BlackElo "2269"]
[PlyCount "56"]
[EventDate "2022.08.23"]
[EventType "swiss (blitz)"]
[EventRounds "11"]
[EventCountry "NET"]
[Source "Mark Crowther"]
[SourceDate "2022.08.29"]

1. d4 g6 2. c4 Bg7 3. e4 d6 4. Nc3 Nf6 5. f3 O-O 6. Be3 Nc6 7. Nge2 a6 8. Qd2
Re8 9. h4 h5 10. Bh6 Bh8 11. g4 e5 12. Bg5 Nxd4 13. Nxd4 exd4 14. Nd5 hxg4 15.
h5 c6 16. hxg6 cxd5 17. Rxh8+ Kxh8 18. Qh2+ Kg8 19. Qh4 Re6 20. Bxf6 Qxf6 21.
Qh7+ Kf8 22. gxf7 Qxf7 23. Qh8+ Qg8 24. Qxd4 gxf3 25. O-O-O Qg5+ 26. Kb1 Qe5
27. Qd2 dxe4 28. Qh2 Qxh2 0-1

[Event "Titled Tuesday 2022.08.23 Early"]
[Site "chess.com INT"]
[Date "2022.08.23"]
[Round "11"]
[White "Putri, Regita Desyari"]
[Black "Hambleton, Aman"]
[Result "0-1"]
[WhiteElo "1897"]
[BlackElo "2436"]
[PlyCount "122"]
[EventDate "2022.08.23"]
[EventType "swiss (blitz)"]
[EventRounds "11"]
[EventCountry "NET"]
[Source "Mark Crowther"]
[SourceDate "2022.08.29"]

1. d4 Nf6 2. c4 e6 3. Nf3 b6 4. g3 Ba6 5. b3 Bb4+ 6. Bd2 c5 7. Bg2 Bb7 8. O-O
O-O 9. a3 Bxd2 10. Nbxd2 cxd4 11. Nxd4 Bxg2 12. Kxg2 Qc7 13. N2f3 a6 14. Rc1 d6
15. b4 Nbd7 16. Re1 Rfd8 17. e4 Qb7 18. Qe2 Rac8 19. b5 Nc5 20. Nc6 Rxc6 21.
bxc6 Qxc6 22. Nd4 Qxe4+ 23. Qxe4 Nfxe4 24. Rb1 Rb8 25. Nc6 Rb7 26. Nb4 Nd2 27.
Rbc1 Ndb3 28. Rc3 Na5 29. Rd1 Rd7 30. Nc2 g5 31. Nd4 Kf8 32. Rcc1 Ke7 33. Nf3
g4 34. Nd4 Rc7 35. h3 h5 36. hxg4 hxg4 37. Rc3 Nd7 38. Rdc1 Ne5 39. Ne2 Naxc4
40. Nf4 d5 41. Ne2 b5 42. Nd4 Kd6 43. a4 b4 44. R3c2 Rb7 45. Nb3 a5 46. Rd1 Ke7
47. Nc5 Rb6 48. Nb3 f5 49. Re2 Nd7 50. Rde1 Kf6 51. Nd4 Nc5 52. Nb3 Nxb3 53.
Rb1 Nc5 54. Rbe1 Nxa4 55. Ra1 Nc3 56. Rae1 Nxe2 57. Rxe2 b3 58. Re1 b2 59. Rb1
a4 60. Rh1 a3 61. Rb1 a2 0-1

[Event "Titled Tuesday 2022.08.09 Late"]
[Site "chess.com INT"]
[Date "2022.08.09"]
[Round "1"]
[White "Koutlas, Nikolaos"]
[Black "Hambleton, Aman"]
[Result "0-1"]
[WhiteElo "2357"]
[BlackElo "2436"]
[PlyCount "114"]
[EventDate "2022.08.09"]
[EventType "swiss (blitz)"]
[EventRounds "11"]
[EventCountry "NET"]
[Source "Mark Crowther"]
[SourceDate "2022.08.15"]

1. e4 c5 2. Nf3 e6 3. d4 cxd4 4. Nxd4 a6 5. Bd3 Bc5 6. Be3 Qb6 7. c3 Qxb2 8.
O-O Qb6 9. Nd2 Qc7 10. Qg4 g6 11. Nc4 b5 12. Nd2 e5 13. Nf5 d6 14. Bxc5 dxc5
15. Nd6+ Qxd6 16. Qxc8+ Qd8 17. Qb7 Nd7 18. Rad1 Qb8 19. Qd5 Ne7 20. Qb3 c4 21.
Qa3 cxd3 22. Nf3 Qc7 23. Rxd3 Nb6 24. Rfd1 Nc4 25. Qb4 Rc8 26. Rd7 Qxd7 27.
Rxd7 Kxd7 28. Ng5 f6 29. Nf3 Rhd8 30. h4 h5 31. g3 Rc6 32. Qb3 Ke8 33. Qc2 Rcd6
34. Qc1 Kf7 35. Qh6 Rg8 36. Qh7+ Rg7 37. Qh6 Nb6 38. Qc1 Nc4 39. Qh6 Nc6 40.
Kg2 Rd8 41. Qc1 Nd6 42. Qh6 Na5 43. Qe3 Nac4 44. Qa7+ Kg8 45. Qxa6 Rgd7 46. Qc6
Kg7 47. Qd5 Nf5 48. Qxb5 Nfd6 49. Qd5 Nb6 50. Qc6 Nbc8 51. a4 Ne7 52. Qb6 Rc8
53. a5 Nxe4 54. a6 Nc5 55. c4 Rdc7 56. Nd2 Nd7 57. Nb3 Nxb6 0-1

[Event "Titled Tuesday 2022.06.14 Late"]
[Site "chess.com INT"]
[Date "2022.06.14"]
[Round "2"]
[White "Hambleton, Aman"]
[Black "Novikova, Galina"]
[Result "1-0"]
[WhiteElo "2454"]
[BlackElo "2073"]
[PlyCount "67"]
[EventDate "2022.06.14"]
[EventType "swiss (blitz)"]
[EventRounds "11"]
[EventCountry "NET"]
[Source "Mark Crowther"]
[SourceDate "2022.06.20"]

1. b3 d5 2. Bb2 Nf6 3. e3 Bf5 4. Nf3 c6 5. Ne5 Nbd7 6. g4 Nxe5 7. gxf5 Neg4 8.
Qf3 Qd7 9. h3 Nh6 10. Bd3 O-O-O 11. Nc3 e5 12. fxe6 fxe6 13. O-O-O e5 14. e4 d4
15. Ne2 Kb8 16. Rhg1 Bd6 17. Kb1 Qe7 18. c3 c5 19. cxd4 cxd4 20. Rc1 Rc8 21.
Rxc8+ Rxc8 22. Qg2 g6 23. Rc1 Rxc1+ 24. Nxc1 Nh5 25. Bc4 Nf4 26. Qf3 Qg5 27.
Nd3 Qg1+ 28. Kc2 g5 29. Nxf4 gxf4 30. Qh5 Qxf2 31. Qxh6 Bb4 32. Bc1 f3 33. Qg5
Qg2 34. Qd8# 1-0

[Event "Titled Tuesday 2022.06.07 Early"]
[Site "chess.com INT"]
[Date "2022.06.07"]
[Round "1"]
[White "Rios Escobar, A."]
[Black "Hambleton, Aman"]
[Result "1-0"]
[WhiteElo "2276"]
[BlackElo "2454"]
[PlyCount "37"]
[EventDate "2022.06.07"]
[EventType "swiss (blitz)"]
[EventRounds "11"]
[EventCountry "NET"]
[Source "Mark Crowther"]
[SourceDate "2022.06.13"]

1. d4 Nf6 2. g3 d5 3. Nf3 b5 4. a4 b4 5. c4 bxc3 6. Nxc3 e6 7. Bg2 Bb7 8. O-O
Nbd7 9. Bf4 Be7 10. Nb5 O-O 11. Bxc7 Qc8 12. Rc1 Ne4 13. Nd2 Nxd2 14. Qxd2 Ba6
15. Nd6 Bxd6 16. Bxd6 Qb7 17. Bxf8 Nxf8 18. b4 Bc4 19. Rxc4 1-0

[Event "Titled Tuesday 2022.06.07 Early"]
[Site "chess.com INT"]
[Date "2022.06.07"]
[Round "3"]
[White "Swicarz, M."]
[Black "Hambleton, Aman"]
[Result "1-0"]
[WhiteElo "2335"]
[BlackElo "2454"]
[PlyCount "69"]
[EventDate "2022.06.07"]
[EventType "swiss (blitz)"]
[EventRounds "11"]
[EventCountry "NET"]
[Source "Mark Crowther"]
[SourceDate "2022.06.13"]

1. c4 c5 2. Nf3 b6 3. d4 cxd4 4. Nxd4 Bb7 5. Nc3 e6 6. a3 Nf6 7. Bg5 Be7 8.
Bxf6 Bxf6 9. e4 a6 10. Qd2 Qc7 11. f4 d6 12. Be2 O-O 13. Bf3 Qxc4 14. Nde2 Qc7
15. Rc1 Qe7 16. O-O Nc6 17. Rfd1 Rfd8 18. Qe3 b5 19. g4 g6 20. g5 Bg7 21. Kg2
Rac8 22. h4 Na5 23. Qf2 Nc4 24. Nd4 Qc7 25. b3 Nxa3 26. Ncxb5 Qa5 27. Nxa3 Qxa3
28. Rxc8 Rxc8 29. Qe3 Qb4 30. Ne2 a5 31. h5 Rc2 32. hxg6 hxg6 33. Kg3 Qc5 34.
Qd3 Bf8 35. Rh1 1-0

[Event "Titled Tuesday 2022.06.07 Early"]
[Site "chess.com INT"]
[Date "2022.06.07"]
[Round "4"]
[White "Hambleton, Aman"]
[Black "Devaev, A."]
[Result "1-0"]
[WhiteElo "2454"]
[BlackElo "2325"]
[PlyCount "101"]
[EventDate "2022.06.07"]
[EventType "swiss (blitz)"]
[EventRounds "11"]
[EventCountry "NET"]
[Source "Mark Crowther"]
[SourceDate "2022.06.13"]

1. b3 d5 2. Bb2 c5 3. e3 a6 4. Nf3 Nc6 5. d4 cxd4 6. Nxd4 Nf6 7. Be2 e6 8. Nxc6
bxc6 9. O-O Bd6 10. c4 O-O 11. Nc3 a5 12. Rc1 Ba6 13. Na4 Qe7 14. cxd5 cxd5 15.
Bxa6 Rxa6 16. Qd3 Ra7 17. Rc6 Rc7 18. Rfc1 Rfc8 19. Qa6 Rxc6 20. Rxc6 Rxc6 21.
Qxc6 h6 22. Qa8+ Kh7 23. Qxa5 Ne4 24. Qe1 Qc7 25. Nc3 Bxh2+ 26. Kf1 Be5 27.
Nxe4 Bxb2 28. Qb1 dxe4 29. Qxb2 h5 30. Kg1 h4 31. b4 Qc6 32. b5 Qb6 33. a4 f5
34. Qb4 Qc7 35. Qb1 Qb6 36. a5 Qxa5 37. b6 Qa8 38. b7 Qb8 39. Qb6 f4 40. Qc6
fxe3 41. Qxe4+ g6 42. Qxh4+ Kg7 43. Qe7+ Kh6 44. Qh4+ Kg7 45. Qe7+ Kh6 46. fxe3
Qe5 47. Qh4+ Kg7 48. Qd4 Qxd4 49. exd4 e5 50. b8=Q exd4 51. Qe5+ 1-0

[Event "Titled Tuesday 2022.06.07 Early"]
[Site "chess.com INT"]
[Date "2022.06.07"]
[Round "5"]
[White "Koutlas, Nikolaos"]
[Black "Hambleton, Aman"]
[Result "0-1"]
[WhiteElo "2318"]
[BlackElo "2454"]
[PlyCount "222"]
[EventDate "2022.06.07"]
[EventType "swiss (blitz)"]
[EventRounds "11"]
[EventCountry "NET"]
[Source "Mark Crowther"]
[SourceDate "2022.06.13"]

1. Nf3 d5 2. g3 Nf6 3. Bg2 c6 4. O-O Bf5 5. d3 h6 6. Re1 e6 7. Nbd2 Bh7 8. b3
a5 9. a3 Be7 10. Bb2 O-O 11. e4 c5 12. exd5 exd5 13. d4 Nc6 14. Nf1 cxd4 15.
Nxd4 Bc5 16. Ne3 Re8 17. c4 Bxd4 18. Bxd4 dxc4 19. Bxf6 Qxf6 20. Nxc4 Nd4 21.
Rxe8+ Rxe8 22. Nxa5 Bc2 23. Qf1 Bd3 24. Qxd3 Ne2+ 25. Qxe2 Rxe2 26. Rf1 b5 27.
a4 Qc3 28. Nc6 bxa4 29. bxa4 Ra2 30. a5 g6 31. Rd1 Kg7 32. Ne7 Qxa5 33. Nd5 h5
34. Rf1 Rb2 35. h4 Qa2 36. Ne3 Rd2 37. Kh2 Qa3 38. Nd5 Qb2 39. Kg1 Kh6 40. Nf4
Qf6 41. Nh3 Kg7 42. Ng5 Rd4 43. Ne4 Qd8 44. Ng5 Rd2 45. Nh3 Qb6 46. Nf4 Rb2 47.
Nd3 Rb3 48. Nf4 Qb8 49. Nh3 Rb2 50. Ng5 f6 51. Ne4 Qb6 52. Nc3 Qd4 53. Nd5 g5
54. hxg5 fxg5 55. Ne3 Kh7 56. Nf5 Qf6 57. Ne3 g4 58. Be4+ Kh6 59. Nf5+ Kg5 60.
Nh4 Qd4 61. Bg2 Rd2 62. Bb7 Qd7 63. Bg2 Qa4 64. Bb7 Qb4 65. Bg2 Qb2 66. Bc6 Kh6
67. Be4 Qc3 68. Nf5+ Kg5 69. Ne3 Qd4 70. Bg2 Qd3 71. Nd5 Qc2 72. Nf4 Qa2 73.
Re1 Rb2 74. Re5+ Kf6 75. Rxh5 Rxf2 76. Rh6+ Kg7 77. Rg6+ Kf8 78. Rxg4 Rb2 79.
Rg5 Qb1+ 80. Kh2 Qc2 81. Rh5 Ke8 82. Re5+ Kd8 83. Rd5+ Kc7 84. Rc5+ Qxc5 85.
Ne6+ Kd6 86. Nxc5 Kxc5 87. Kh3 Kd4 88. Bf3 Ke5 89. Kg4 Rb4+ 90. Kh5 Kf6 91. Bg4
Rb5+ 92. Kh4 Rb4 93. Kh5 Rb3 94. Kh4 Rc3 95. Kh3 Kg5 96. Be2 Rc2 97. Bf3 Rc8
98. Be2 Re8 99. Bf3 Rh8+ 100. Kg2 Kf5 101. Be2 Ke4 102. Bg4 Ke3 103. Bd1 Rd8
104. Bg4 Rd2+ 105. Kg1 Rb2 106. Bh5 Rb5 107. Bg4 Rg5 108. Bh3 Rxg3+ 109. Kh2
Kf2 110. Bf5 Rg5 111. Bg4 Rxg4 0-1

[Event "Titled Tuesday 2022.06.07 Early"]
[Site "chess.com INT"]
[Date "2022.06.07"]
[Round "6"]
[White "Hambleton, Aman"]
[Black "Manukian, Ar"]
[Result "1-0"]
[WhiteElo "2454"]
[BlackElo "2196"]
[PlyCount "191"]
[EventDate "2022.06.07"]
[EventType "swiss (blitz)"]
[EventRounds "11"]
[EventCountry "NET"]
[Source "Mark Crowther"]
[SourceDate "2022.06.13"]

1. b3 Nf6 2. Bb2 g6 3. Nf3 Bg7 4. e3 O-O 5. c4 c5 6. Be2 d6 7. O-O Nc6 8. Nc3
e5 9. d3 h5 10. a3 a5 11. Nb5 Qe7 12. Re1 Rd8 13. Nd2 b6 14. Ne4 Bb7 15. Bf3
Nxe4 16. dxe4 Kh7 17. Nc3 Qg5 18. Nd5 Ra6 19. Nc7 Ra7 20. Nd5 Ra6 21. Bc3 Ne7
22. Nc7 Ra7 23. Nb5 Raa8 24. b4 axb4 25. axb4 Rxa1 26. Qxa1 Nc6 27. bxc5 dxc5
28. Rd1 h4 29. Nd6 Qe7 30. Nxb7 Rxd1+ 31. Qxd1 Qxb7 32. Qd5 Qc7 33. g3 hxg3 34.
hxg3 Nb4 35. Qd2 Bf8 36. Kg2 Qd6 37. Qe2 Bg7 38. Qf1 Qd3 39. Qxd3 Nxd3 40. Be2
Nb4 41. Kf1 Kg8 42. Ke1 Kf8 43. Kd1 Bf6 44. Be1 Ke7 45. Kd2 Kd6 46. f4 Nc6 47.
g4 Be7 48. g5 Kc7 49. Bg3 Bd6 50. Kd3 Nb4+ 51. Kd2 Nc6 52. Bg4 Kd8 53. Bh3 Kc7
54. Ke2 Na5 55. Kd3 Nc6 56. Bf1 Nb4+ 57. Ke2 Nc6 58. Kf3 Nb4 59. Be2 Nc2 60.
Bd3 Nb4 61. Bf1 Nc2 62. Bf2 Nb4 63. Be2 Nc2 64. Bd1 Nb4 65. Ba4 Nc6 66. Bg3 Na5
67. Bb5 Nb3 68. Be8 Nd2+ 69. Ke2 Nxc4 70. Bxf7 b5 71. f5 gxf5 72. g6 f4 73.
Bxc4 fxg3 74. g7 bxc4 75. g8=Q Kc6 76. Qxc4 Bc7 77. Kf3 Bd6 78. Kg2 Kc7 79.
Kxg3 Kd7 80. Kg4 Ke7 81. Kf5 Kd7 82. Qe6+ Kc7 83. Qd5 Kd7 84. Kf6 Kc7 85. Ke6
Bf8 86. Qxe5+ Kb6 87. Qd5 Kc7 88. Qc4 Kb6 89. Kd5 Bd6 90. e5 Bc7 91. e6 Kb7 92.
Qb5+ Kc8 93. Kc6 Kd8 94. Qd3+ Ke7 95. Qd7+ Kf6 96. Qxc7 1-0

[Event "Titled Tuesday 2022.06.07 Early"]
[Site "chess.com INT"]
[Date "2022.06.07"]
[Round "7"]
[White "Hambleton, Aman"]
[Black "Dordzhieva, Dinara"]
[Result "1-0"]
[WhiteElo "2454"]
[BlackElo "2342"]
[PlyCount "83"]
[EventDate "2022.06.07"]
[EventType "swiss (blitz)"]
[EventRounds "11"]
[EventCountry "NET"]
[Source "Mark Crowther"]
[SourceDate "2022.06.13"]

1. b3 Nf6 2. Bb2 g6 3. Nf3 Bg7 4. e3 d6 5. c4 e5 6. Nc3 O-O 7. d4 e4 8. Nd2 Re8
9. Be2 c6 10. g4 d5 11. g5 Nfd7 12. cxd5 cxd5 13. Nxd5 Nc6 14. h4 Nc5 15. Nf4
Bf5 16. Nc4 Nd3+ 17. Nxd3 exd3 18. Bxd3 Bxd3 19. Qxd3 Nxd4 20. O-O-O Nf5 21.
Bxg7 Qxd3 22. Rxd3 Kxg7 23. Nd6 Nxd6 24. Rxd6 Rac8+ 25. Kd2 Rc7 26. h5 gxh5 27.
Rxh5 Re6 28. Rxe6 fxe6 29. f4 Rc6 30. Rh6 b5 31. Kd3 Ra6 32. Ke4 Rxa2 33. Rxe6
Ra3 34. Re7+ Kg6 35. Re6+ Kh5 36. Kf5 Kh4 37. Rh6+ Kg3 38. Rxh7 Kf3 39. g6 Ra1
40. Rh5 Rg1 41. Rg5 Rh1 42. g7 1-0

[Event "Titled Tuesday 2022.05.31 Early"]
[Site "chess.com INT"]
[Date "2022.05.31"]
[Round "1"]
[White "Hambleton, Aman"]
[Black "Namitbir, Singh Walia"]
[Result "1-0"]
[WhiteElo "2454"]
[BlackElo "2293"]
[PlyCount "75"]
[EventDate "2022.05.31"]
[EventType "swiss (blitz)"]
[EventRounds "11"]
[EventCountry "NET"]
[Source "Mark Crowther"]
[SourceDate "2022.06.06"]

1. d4 Nf6 2. c4 e6 3. Nc3 Bb4 4. e3 O-O 5. Nge2 c6 6. a3 Ba5 7. Bd2 d5 8. Ng3
Nbd7 9. Be2 e5 10. cxd5 cxd5 11. O-O Re8 12. Rc1 Bb6 13. Nb5 a6 14. Nd6 Re6 15.
Nxc8 Rxc8 16. Rxc8 Qxc8 17. dxe5 Nxe5 18. Bc3 Qc6 19. Nf5 Ne4 20. Bd4 g6 21.
Bxb6 Qxb6 22. Nd4 Rf6 23. Qc2 Nc6 24. Nf3 Re6 25. Rd1 Nxf2 26. Kxf2 Qxe3+ 27.
Kf1 Ne5 28. Qc8+ Kg7 29. Qc3 Qf4 30. Rxd5 f6 31. g3 Qf5 32. Kg2 Qe4 33. Rd2 Ng4
34. Qd4 Ne3+ 35. Kf2 Qb1 36. Qd7+ Kh6 37. Qxe6 Ng4+ 38. Qxg4 1-0

[Event "Titled Tuesday 2022.05.31 Early"]
[Site "chess.com INT"]
[Date "2022.05.31"]
[Round "3"]
[White "Sjoberg, Isak"]
[Black "Hambleton, Aman"]
[Result "1-0"]
[WhiteElo "2308"]
[BlackElo "2454"]
[PlyCount "109"]
[EventDate "2022.05.31"]
[EventType "swiss (blitz)"]
[EventRounds "11"]
[EventCountry "NET"]
[Source "Mark Crowther"]
[SourceDate "2022.06.06"]

1. e4 c5 2. Nf3 e6 3. b3 Nc6 4. Bb2 d6 5. Bb5 Bd7 6. O-O a6 7. Bxc6 Bxc6 8. Nc3
e5 9. Ne1 Be7 10. f4 exf4 11. Nd5 Nf6 12. Nxe7 Qxe7 13. d3 d5 14. Rxf4 dxe4 15.
Bxf6 gxf6 16. dxe4 Rg8 17. Qe2 O-O-O 18. Nd3 Rg6 19. g3 b6 20. Re1 Kb7 21. Qh5
Qe6 22. a4 a5 23. Qf5 Qe7 24. e5 Ka7 25. exf6 Qd6 26. Re7+ Rd7 27. Rxd7+ Bxd7
28. Qe5 Qc6 29. Qe7 Kb8 30. Ne5 Qd5 31. Qxd7 Qxe5 32. Qd8+ Kb7 33. Qe7+ Qc7 34.
h4 Kc6 35. Qe8+ Kb7 36. Re4 Qxg3+ 37. Kf1 Qg1+ 38. Ke2 Rg2+ 39. Kd3 Qd1+ 40.
Kc4 Qxc2+ 41. Kd5 Qd3+ 42. Ke5 Rf2 43. Qxf7+ Ka6 44. Qc4+ Qxc4 45. bxc4 Kb7 46.
Rf4 Re2+ 47. Kf5 Kc7 48. f7 Re8 49. fxe8=Q b5 50. Re4 bxa4 51. Re7+ Kd6 52.
Qd8+ Kc6 53. Rc7+ Kb6 54. Qb8+ Ka6 55. Ra7# 1-0

[Event "Titled Tuesday 2022.05.31 Early"]
[Site "chess.com INT"]
[Date "2022.05.31"]
[Round "4"]
[White "Ramirez, Vid"]
[Black "Hambleton, Aman"]
[Result "0-1"]
[WhiteElo "2104"]
[BlackElo "2454"]
[PlyCount "62"]
[EventDate "2022.05.31"]
[EventType "swiss (blitz)"]
[EventRounds "11"]
[EventCountry "NET"]
[Source "Mark Crowther"]
[SourceDate "2022.06.06"]

1. Nf3 d5 2. g3 Nf6 3. Bg2 c6 4. O-O Bf5 5. d3 h6 6. Nbd2 e6 7. Re1 Bh7 8. b3
Be7 9. Bb2 a5 10. a3 O-O 11. e4 c5 12. a4 Nc6 13. Ne5 Nb4 14. exd5 exd5 15. Nf1
Re8 16. Ne3 Ra6 17. c3 Nc6 18. Nxc6 bxc6 19. d4 Rb6 20. Ba3 cxd4 21. cxd4 Qb8
22. Bxe7 Rxe7 23. Qd2 Ra7 24. Rac1 Raa6 25. Rc5 Rxb3 26. Rxa5 Rd3 27. Rxa6 Rxd2
28. Rxc6 Be4 29. Rec1 Kh7 30. Bxe4+ Nxe4 31. Nc4 dxc4 0-1

[Event "Titled Tuesday 2022.05.31 Early"]
[Site "chess.com INT"]
[Date "2022.05.31"]
[Round "5"]
[White "Hambleton, Aman"]
[Black "Stankovic, Iv"]
[Result "1-0"]
[WhiteElo "2454"]
[BlackElo "2255"]
[PlyCount "37"]
[EventDate "2022.05.31"]
[EventType "swiss (blitz)"]
[EventRounds "11"]
[EventCountry "NET"]
[Source "Mark Crowther"]
[SourceDate "2022.06.06"]

1. d4 d5 2. Bf4 Nf6 3. e3 c5 4. c3 Nc6 5. Nd2 e6 6. Ngf3 Be7 7. Bd3 O-O 8. O-O
b6 9. h3 Bb7 10. Re1 Rc8 11. a4 Na5 12. Qb1 cxd4 13. exd4 Nc4 14. Ne5 Ba6 15.
Ndxc4 dxc4 16. Bf1 Bb7 17. Nxc4 Nh5 18. Bh2 Qd5 19. Re5 1-0

[Event "Titled Tuesday 2022.05.31 Early"]
[Site "chess.com INT"]
[Date "2022.05.31"]
[Round "6"]
[White "Hambleton, Aman"]
[Black "Mitrovic, Da1"]
[Result "0-1"]
[WhiteElo "2454"]
[BlackElo "2223"]
[PlyCount "40"]
[EventDate "2022.05.31"]
[EventType "swiss (blitz)"]
[EventRounds "11"]
[EventCountry "NET"]
[Source "Mark Crowther"]
[SourceDate "2022.06.06"]

1. d4 Nf6 2. c4 e6 3. Nc3 Bb4 4. Qc2 c5 5. dxc5 O-O 6. a3 Bxc5 7. Bf4 d5 8. e3
Nc6 9. Rd1 e5 10. Bg5 d4 11. Nd5 Be7 12. Bxf6 Bxf6 13. Bd3 h6 14. Nf3 Be6 15.
Nxf6+ Qxf6 16. exd4 exd4 17. O-O Bg4 18. Be4 Rad8 19. h3 Be6 20. Bxc6 bxc6 0-1

[Event "Titled Tuesday 2022.05.31 Early"]
[Site "chess.com INT"]
[Date "2022.05.31"]
[Round "7"]
[White "Mickiewicz, P."]
[Black "Hambleton, Aman"]
[Result "0-1"]
[WhiteElo "2302"]
[BlackElo "2454"]
[PlyCount "80"]
[EventDate "2022.05.31"]
[EventType "swiss (blitz)"]
[EventRounds "11"]
[EventCountry "NET"]
[Source "Mark Crowther"]
[SourceDate "2022.06.06"]

1. e4 b6 2. d4 Bb7 3. Bd3 e6 4. Nf3 d5 5. e5 Ba6 6. Bxa6 Nxa6 7. c3 Qd7 8. h4
h5 9. Bg5 c5 10. Qe2 Nc7 11. a3 a5 12. Nbd2 c4 13. a4 Ne7 14. O-O Nf5 15. Rfb1
b5 16. axb5 Nxb5 17. Nf1 Be7 18. Ne3 Nxe3 19. Qxe3 a4 20. Bxe7 Qxe7 21. Ng5 g6
22. b3 Na3 23. Rxa3 Qxa3 24. bxc4 Qe7 25. cxd5 exd5 26. Qf3 O-O 27. Qxd5 a3 28.
Ra1 Rfd8 29. Qe4 Kg7 30. d5 Ra7 31. c4 Qb4 32. e6 Qb2 33. Rb1 Qf6 34. exf7 a2
35. Ne6+ Kxf7 36. Nxd8+ Kg8 37. Rf1 a1=Q 38. Qe8+ Kh7 39. Rxa1 Rxa1+ 40. Kh2
Qxh4# 0-1

[Event "Titled Tuesday 2022.05.17 Early"]
[Site "chess.com INT"]
[Date "2022.05.17"]
[Round "1"]
[White "Eynullayev, Atilla"]
[Black "Hambleton, Aman"]
[Result "1-0"]
[WhiteElo "2333"]
[BlackElo "2454"]
[PlyCount "89"]
[EventDate "2022.05.17"]
[EventType "swiss (blitz)"]
[EventRounds "11"]
[EventCountry "NET"]
[Source "Mark Crowther"]
[SourceDate "2022.05.23"]

1. d4 Nf6 2. c4 g6 3. Nc3 Bg7 4. e4 d6 5. Be2 O-O 6. Be3 e5 7. d5 a5 8. g4 Na6
9. h4 c6 10. h5 cxd5 11. cxd5 Nd7 12. Qd2 Ndc5 13. f3 Bd7 14. Nh3 gxh5 15. Nf2
hxg4 16. Nxg4 Bxg4 17. fxg4 Re8 18. O-O-O Nb4 19. Kb1 Nd7 20. Bb5 Re7 21. Qh2
Nf8 22. a3 Na6 23. Rdf1 Nc5 24. Bg5 f6 25. Bxf6 Bxf6 26. Rxf6 Rf7 27. Rxf7 Kxf7
28. Qh5+ Kg8 29. g5 Qe7 30. Rf1 Ng6 31. Rf6 Rf8 32. Qf3 Rxf6 33. gxf6 Qf8 34.
b4 axb4 35. axb4 Na6 36. Bd7 Nf4 37. Be6+ Kh8 38. f7 Nc7 39. Qg4 Qg7 40. Ne2
Ncxe6 41. dxe6 Qf8 42. Nxf4 exf4 43. Qxf4 Kg7 44. Qg5+ Kh8 45. Qf6+ 1-0

[Event "Titled Tuesday 2022.05.17 Early"]
[Site "chess.com INT"]
[Date "2022.05.17"]
[Round "2"]
[White "Hambleton, Aman"]
[Black "Shtyka, S."]
[Result "0-1"]
[WhiteElo "2454"]
[BlackElo "2154"]
[PlyCount "66"]
[EventDate "2022.05.17"]
[EventType "swiss (blitz)"]
[EventRounds "11"]
[EventCountry "NET"]
[Source "Mark Crowther"]
[SourceDate "2022.05.23"]

1. d4 c5 2. d5 e5 3. c4 d6 4. Nc3 Be7 5. g3 Nf6 6. e4 O-O 7. Bg2 Nbd7 8. Nf3 a6
9. a4 b6 10. O-O Ne8 11. Ne1 Nc7 12. Nd3 Rb8 13. f4 exf4 14. gxf4 Bf6 15. Be3
b5 16. axb5 axb5 17. e5 dxe5 18. fxe5 Nxe5 19. Nxe5 Bxe5 20. Bxc5 bxc4 21. Bxf8
Qxf8 22. Qe2 Qd6 23. h3 f6 24. Kh1 Qb4 25. Ra4 Qxb2 26. Qxb2 Rxb2 27. Rxc4 Ba6
28. Rxc7 Bxc7 29. Rd1 Be5 30. Ne4 Be2 31. Re1 Bd3 32. Nc5 Rb1 33. Rxb1 Bxb1 0-1

[Event "Titled Tuesday 2022.05.17 Early"]
[Site "chess.com INT"]
[Date "2022.05.17"]
[Round "3"]
[White "Dudzinski, Pa"]
[Black "Hambleton, Aman"]
[Result "0-1"]
[WhiteElo "2196"]
[BlackElo "2454"]
[PlyCount "96"]
[EventDate "2022.05.17"]
[EventType "swiss (blitz)"]
[EventRounds "11"]
[EventCountry "NET"]
[Source "Mark Crowther"]
[SourceDate "2022.05.23"]

1. e4 b6 2. Nc3 Bb7 3. g3 e6 4. Bg2 d5 5. exd5 Nf6 6. Nge2 Nxd5 7. Nxd5 Bxd5 8.
O-O Bxg2 9. Kxg2 c5 10. d4 Nc6 11. dxc5 Qxd1 12. Rxd1 Bxc5 13. c3 Ke7 14. Kf1
Rhd8 15. Bg5+ f6 16. Bf4 e5 17. Be3 Bxe3 18. fxe3 b5 19. b3 Na5 20. Ke1 Ke6 21.
Kf2 h5 22. h3 a6 23. e4 Nb7 24. Ke3 Nc5 25. Ng1 a5 26. Rac1 Rac8 27. Ne2 g6 28.
h4 Rb8 29. Ng1 Rxd1 30. Rxd1 a4 31. b4 Nd7 32. Rd5 Nb6 33. Rc5 Nc4+ 34. Ke2 Nd6
35. Ke3 Rc8 36. Ne2 Nc4+ 37. Kd3 Rxc5 38. bxc5 Kd7 39. Nc1 Kc6 40. Ke2 Kxc5 41.
Nd3+ Kd6 42. Nb4 f5 43. Nd5 fxe4 44. Nf6 e3 45. Ne4+ Ke6 46. Nc5+ Kf5 47. Kf3
e4+ 48. Nxe4 e2 0-1

[Event "Titled Tuesday 2022.05.17 Early"]
[Site "chess.com INT"]
[Date "2022.05.17"]
[Round "4"]
[White "Hambleton, Aman"]
[Black "Milosevic, Milos"]
[Result "1-0"]
[WhiteElo "2454"]
[BlackElo "2288"]
[PlyCount "67"]
[EventDate "2022.05.17"]
[EventType "swiss (blitz)"]
[EventRounds "11"]
[EventCountry "NET"]
[Source "Mark Crowther"]
[SourceDate "2022.05.23"]

1. d4 d5 2. Bf4 Nf6 3. e3 g6 4. c3 Bg7 5. Nf3 O-O 6. h3 c5 7. Nbd2 Nc6 8. dxc5
Nd7 9. Nb3 e5 10. Bg3 e4 11. Nfd4 Nde5 12. Be2 f5 13. Nxc6 bxc6 14. Nd4 Bd7 15.
b4 g5 16. Bxe5 Bxe5 17. a3 f4 18. exf4 gxf4 19. Bg4 f3 20. gxf3 Bxg4 21. hxg4
exf3 22. Qd3 Qe7 23. O-O-O a5 24. Nxc6 Bf4+ 25. Kc2 Qg7 26. Qxd5+ Rf7 27. Ne7+
Kf8 28. Qxa8+ Kxe7 29. Qd8+ Ke6 30. Rhe1+ Be5 31. Qd5+ Kf6 32. Qxe5+ Kg6 33.
Qh5+ Kf6 34. Qf5# 1-0

[Event "Titled Tuesday 2022.05.17 Early"]
[Site "chess.com INT"]
[Date "2022.05.17"]
[Round "5"]
[White "Perez Leiva, Jerzy Jesus"]
[Black "Hambleton, Aman"]
[Result "1-0"]
[WhiteElo "2394"]
[BlackElo "2454"]
[PlyCount "61"]
[EventDate "2022.05.17"]
[EventType "swiss (blitz)"]
[EventRounds "11"]
[EventCountry "NET"]
[Source "Mark Crowther"]
[SourceDate "2022.05.23"]

1. e4 b6 2. d4 Bb7 3. Bd3 e6 4. Qe2 d5 5. Nd2 dxe4 6. Bxe4 Bxe4 7. Qxe4 Qd5 8.
Ngf3 Nc6 9. O-O Nf6 10. Qxd5 exd5 11. Re1+ Be7 12. c3 O-O 13. Nf1 Bd6 14. Ne3
Rfe8 15. Nf5 Rxe1+ 16. Nxe1 Bf8 17. Bf4 g6 18. Ne3 Rc8 19. Nd3 Ne7 20. a4 a5
21. Bg5 Kg7 22. f3 h6 23. Bh4 c6 24. b4 Ra8 25. Bg3 Nd7 26. Kf2 Nc8 27. b5 cxb5
28. axb5 Ne7 29. Bd6 Nf6 30. Be5 h5 31. Nf4 1-0